Estadísticas para Jugadores de la Selección Española de Fútbol por Foto

Haz click aquí para intentar la prueba.

Estadísticas generales

  • Esta prueba ha sido intentada 439 veces
  • La puntuación promedio es 18 de 20

Estadísticas de respuestas

Respuesta% Correcto
Andrés Iniesta
100%
Xavi Hernández
99%
Iker Casillas
98%
Gerard Piqué
97%
Pedri
97%
Carles Puyol
96%
Sergio Busquets
96%
Sergio Ramos
96%
Álvaro Morata
94%
David Villa
94%
Gavi
94%
David de Gea
92%
Fernando Torres
91%
Ansu Fati
90%
Jordi Alba
88%
David Silva
81%
Fernando Hierro
77%
Cesc Fábregas
76%
Joan Capdevila
61%
Emilio Butragueño
58%

Distribución de puntuación

Porcentaje por número respondido

Porcentaje de gente con cada puntuación

Historial de tus puntuaciones

No has intentado esta prueba.